000 00866nam0a22002771 4500
001 rc\4360967
005 20130416141238.9
021 _aRU
_b[66-9468]
035 _a(NLR Aleph) 008535231
090 _a8312901
_c8312901
100 _a20130416d1966 |||y0rusy50 ca
101 0 _arus
102 _aRU
105 _aa z |||||
200 1 _aЛатыф Хамиди
210 _aАлма-Ата
_cЖазушы
_d1966
215 _a100 с.
_cил.
_d16
320 _aПеречень произведений Л. Хамиди: с. 90-100
606 _aКазахская советская музыка
_2psbo
700 1 _aГизатов
_bБ.
_f1925-
_gБисенгали
702 1 _aХамиди
_bЛ. А.
_gЛатыф Абдулхаевич
_4570
801 0 _aRU
_bNLR
_gpsbo
801 1 _aRU
_bELAR
_2rusmarc
852 _aNLR
_j66-2/588
942 _cBOOK
980 _aNB